| 000 | 00474nam a2200169Ia 4500 | ||
|---|---|---|---|
| 999 |
_c2653 _d2653 |
||
| 008 | 200103s9999||||xx |||||||||||||| ||und|| | ||
| 020 | _a9788120324404 | ||
| 082 |
_a604.24 _bSID |
||
| 100 | _aSiddiquee, Arshad N | ||
| 245 | 0 | _aEngineering drawing with a primer on AutoCAD | |
| 260 |
_bPrentice-Hall of India _c2004 _aNew Delhi |
||
| 300 | _axii, 312p. | ||
| 650 | _aEngineering drawings | ||
| 650 | _aMechanical drawing | ||
| 650 | _aComputer-aided design | ||
| 942 | _cBK | ||